NFL Starting Running Backs 2022 - Statistics

General Stats
  • This quiz has been taken 249 times
  • The average score is 14 of 32
Answer Stats
Hint Answer % Correct
Bengals Joe Mixon
74%
Browns Nick Chubb
69%
Bears David Montgomery
60%
Chargers Austin Ekeler
58%
Vikings Dalvin Cook
58%
Titans Derrick Henry
57%
Giants Saquon Barkley
56%
Packers Aaron Jones
55%
Bills Devin Singletary
54%
Eagles Miles Sanders
54%
Panthers Christian McCaffrey
53%
Colts Jonathan Taylor
53%
Buccaneers Leonard Fournette
52%
Raiders Josh Jacobs
51%
Saints Alvin Kamara
49%
Cardinals James Conner
47%
Steelers Najee Harris
45%
Chiefs Clyde Edwards-Helaire
40%
Cowboys Ezekiel Elliott
38%
Ravens J.K. Dobbins
38%
Jaguars James Robinson
37%
Commanders Antonio Gibson
36%
Broncos Javonte Williams
34%
49ers Jeff Wilson
28%
Jets Michael Carter
25%
Patriots Damien Harris
24%
Lions D'Andre Swift
22%
Seahawks Rashaad Penny
21%
Dolphins Chase Edmonds
18%
Texans Dameon Pierce
17%
Rams Darrell Henderson
16%
Falcons Cordarrelle Patterson
15%
No matching quizzes found
Score Distribution
Percent of People with Each Score
Percentile by Number Answered
Your Score History
You have not taken this quiz